000 00469nam a2200181Ia 4500
001 16517
005 20260306170315.0
008 260306t2015||||xx |||||||||||||| ||und||
041 _aESP
082 _a348.6
_bR84
100 _aRosas Alcántara, Joel
_eAUT
245 0 _aEl derecho laboral:
_ben la jurisprudencia del tribunal constitucional
260 _c2015
300 _a606 páginas :
_c25 cm.
650 _aGEN
654 _aCDE
942 _cLIB
_dJUS
_fJUS
_2ddc
_n
999 _c16517
_d16517